Artificial Intelligence (Record no. 332893)
[ view plain ]
| 000 -LEADER | |
|---|---|
| fixed length control field | 00406nam a2200145Ia 4500 |
| 008 - FIXED-LENGTH DATA ELEMENTS--GENERAL INFORMATION | |
| fixed length control field | 230718s9999 xx 000 0 und d |
| 041 ## - LANGUAGE CODE | |
| Language code of text/sound track or separate title | eng |
| 082 ## - DEWEY DECIMAL CLASSIFICATION NUMBER | |
| Classification number | 006.3 |
| Item number | NIL |
| 100 ## - MAIN ENTRY--PERSONAL NAME | |
| Personal name | Nilsson N.J. |
| 245 ## - TITLE STATEMENT | |
| Title | Artificial Intelligence |
| Remainder of title | A New Synthesis |
| 260 ## - PUBLICATION, DISTRIBUTION, ETC. (IMPRINT) | |
| Name of publisher, distributor, etc. | Elsevier/ MorganKaufmann |
| 365 ## - TRADE PRICE | |
| Currency code | Rs. |
| Price amount | 465.00 |
| 700 ## - ADDED ENTRY--PERSONAL NAME | |
| Personal name | Nilsson N.J. |
| 906 ## - LOCAL DATA ELEMENT F, LDF (RLIN) | |
| d | O:0347008-Aug-2013B:362522-Jul-2013 |
| c | ME ETC |
| b | 465 |
| Withdrawn status | Lost status | Damaged status | Not for loan | Home library | Current library | Date acquired | Vendor | Budget Code | Cost, normal purchase price | Bill number | Total Checkouts | Full call number | Barcode | Date last seen | Discount | Cost, replacement price | Bill Date | Koha item type | Original Barcode |
|---|---|---|---|---|---|---|---|---|---|---|---|---|---|---|---|---|---|---|---|
| Cummins College of Engineering for Women Pune | Cummins College of Engineering for Women Pune | 08/08/2013 | Technical Book Services | ME ETC | 348.75 | 3625 | 006.3 | CCEP-BK-44100 | 18/07/2023 | 465 | 465.00 | 22/07/2013 | Books | 044100 |